000
00300 a2200133 4500
001
79032
082
_a
923.15491 WOL
090
_c
39526
_d
39526
100
_a
Walpert, S
245
_a
Jinnah of Pakistan
_h
English
260
_b
PAF Book Club
500
_a
General Books
505
_a
AHQ Books
942
_a
CAE NUST
_k
923.15491 WOL
999
_c
314105
_d
314105